Introduction to health economics / (Record no. 17613)
[ view plain ]
| 000 -LEADER | |
|---|---|
| fixed length control field | 00618nam a22002297a 4500 |
| 003 - CONTROL NUMBER IDENTIFIER | |
| control field | OSt |
| 005 - DATE AND TIME OF LATEST TRANSACTION | |
| control field | 20140310182936.0 |
| 008 - FIXED-LENGTH DATA ELEMENTS--GENERAL INFORMATION | |
| fixed length control field | 130201t xxu||||| |||| 00| 0 eng d |
| 020 ## - INTERNATIONAL STANDARD BOOK NUMBER | |
| International Standard Book Number | 9710870920 |
| 050 ## - LIBRARY OF CONGRESS CALL NUMBER | |
| Classification number | RA 410 |
| Item number | .G287 2010 |
| 100 ## - MAIN ENTRY--PERSONAL NAME | |
| Personal name | Geniblazo, Arturo D. |
| 245 ## - TITLE STATEMENT | |
| Title | Introduction to health economics / |
| Statement of responsibility, etc | Arturo D. Geniblazo. |
| 260 ## - PUBLICATION, DISTRIBUTION, ETC. (IMPRINT) | |
| Place of publication, distribution, etc | Mandaluyong City : |
| Name of publisher, distributor, etc | National Book Store, |
| Date of publication, distribution, etc | 2010. |
| 300 ## - PHYSICAL DESCRIPTION | |
| Extent | v, 180 p. : |
| Dimensions | 22 cm. |
| Other physical details | ill. ; |
| 521 ## - TARGET AUDIENCE NOTE | |
| Target audience note | |
| 562 ## - COPY AND VERSION IDENTIFICATION NOTE | |
| Number of copies | 3 |
| 650 ## - SUBJECT ADDED ENTRY--TOPICAL TERM | |
| Topical term or geographic name as entry element | Medical economics |
| General subdivision | Philippines |
| 942 ## - ADDED ENTRY ELEMENTS (KOHA) | |
| Source of classification or shelving scheme | Library of Congress Classification |
| Koha item type | Books |
| Call number prefix | Local |
| Withdrawn status | Lost status | Source of classification or shelving scheme | Damaged status | Home library | Current library | Shelving location | Date acquired | Source of acquisition | Cost, normal purchase price | Total Checkouts | Full call number | Barcode | Date last seen | Date checked out | Copy number | Price effective from | Koha item type |
|---|---|---|---|---|---|---|---|---|---|---|---|---|---|---|---|---|---|
| Library of Congress Classification | Archives | Archives | 10/17/2011 | Donation | 660.00 | 2 | RA 410 .G287 2010 | C13785 | 05/15/2018 | 01/21/2015 | 1 | 10/18/2013 | Books | ||||
| Library of Congress Classification | College Library | College Library | General Circulation Section | 12/14/2013 | RA 410 .G287 2010 | C12366 | 05/15/2018 | 2 | 12/14/2013 | Books | |||||||
| Library of Congress Classification | College Library | College Library | General Circulation Section | 12/14/2013 | RA 410 .G287 2010 | C12367 | 05/15/2018 | 3 | 12/14/2013 | Books |